Grupy etniczne według państwa #1 - Statystyki

Ogólne statystyki
  • Ten quiz został rozwiązany 1 665 razy
  • Średni wynik to 13 z 21
Statystyki odpowiedzi
Grupa Państwo % Poprawnych
Katalończycy Hiszpania
97%
Holendrzy Holandia
96%
Persowie Iran
95%
Tybetańczycy Chiny
89%
Słowianie Rosja
89%
Lapończycy Norwegia
83%
Kurdowie Turcja
80%
Bretończycy Francja
78%
Flamandowie Belgia
72%
Maorysi Nowa Zelandia
70%
Madziarowie Węgry
70%
Hutu Rwanda
59%
Masajowie Kenia | Tanzania
53%
Retoromanie Szwajcaria
50%
Nawahowie Stany Zjednoczone
49%
Tamilowie Indie
44%
Pasztuni Pakistan
41%
Keczua Peru
41%
Koptowie Egipt
40%
Bantu Demokratyczna Republika Konga
26%
Igbowie Nigeria
24%
Nie znaleziono quizów pasujących do podanych kryteriów
Rozkład punktacji
Procent ludzi z każdym wynikiem
Percentyl według liczby udzielonych odpowiedzi
Twoja historia wyników
Nie rozwiązałeś tego quizu